Penal philosophies and practice in the 1970's: 24-28 May
| Format: | Print Book |
|---|---|
| Language: | English |
| Published: |
Canberra
Australian Inst. of Criminology
1976
|
| In: |
Proceedings - training project (24)
Year: 1976 |
| Availability in Tübingen: | Present in Tübingen. UB: KB 1 E 616 |
| Check availability: | HBZ Gateway |
| Subito Delivery Service: | Order now. |
MARC
| LEADER | 00000cam a22000002c 4500 | ||
|---|---|---|---|
| 001 | 109626269X | ||
| 003 | DE-627 | ||
| 005 | 20220514152952.0 | ||
| 007 | tu | ||
| 008 | 911112s1976 xx ||||| 00| ||eng c | ||
| 035 | |a (DE-627)109626269X | ||
| 035 | |a (DE-576)02626269X | ||
| 035 | |a (DE-599)BSZ02626269X | ||
| 035 | |a (OCoLC)311540169 | ||
| 040 | |a DE-627 |b ger |c DE-627 |e rakwb | ||
| 041 | |a eng | ||
| 245 | 0 | 0 | |a Penal philosophies and practice in the 1970's |b 24-28 May |
| 264 | 1 | |a Canberra |b Australian Inst. of Criminology |c 1976 | |
| 300 | |a 112 S. | ||
| 336 | |a Text |b txt |2 rdacontent | ||
| 337 | |a ohne Hilfsmittel zu benutzen |b n |2 rdamedia | ||
| 338 | |a Band |b nc |2 rdacarrier | ||
| 490 | 1 | |a Proceedings - training project |v 24 | |
| 583 | 1 | |a Archivierung prüfen |c 20200919 |f DE-640 |z 1 |2 pdager | |
| 810 | 2 | |a Australian Institute of Criminology |g Canberra |t Proceedings - training project |v 24 |9 24 |w (DE-627)1083205528 |w (DE-576)013205528 |7 am | |
| 951 | |a BO | ||
| ELC | |b 1 | ||
| LOK | |0 000 xxxxxcx a22 zn 4500 | ||
| LOK | |0 001 2175055051 | ||
| LOK | |0 003 DE-627 | ||
| LOK | |0 004 109626269X | ||
| LOK | |0 005 20020606000000 | ||
| LOK | |0 008 911112||||||||||||||||ger||||||| | ||
| LOK | |0 040 |a DE-21 |c DE-627 |d DE-21 | ||
| LOK | |0 852 |a DE-21 | ||
| LOK | |0 852 1 |c KB 1 E 616 |9 00 | ||
| LOK | |0 935 |a krim | ||
| LOK | |0 936ln |a k5.1 | ||
| LOK | |0 939 |a 12-11-91 |b l01 | ||
| ORI | |a SA-MARC-krimdoka001.raw | ||
| SIG | |a UB: KB 1 E 616 | ||
